| 000 | nam a22 7a 4500 | ||
|---|---|---|---|
| 999 |
_c331242 _d331242 |
||
| 003 | NUST | ||
| 005 | 20170922122852.0 | ||
| 008 | 170922b xxu||||| |||| 00| 0 eng d | ||
| 040 | _cNUST | ||
| 082 | _a351 | ||
| 100 |
_aKhawaja, mubashir ghani Batool,Khadija Jillani,Huzaifa & Khan,Iman _94848 |
||
| 245 | _aImpact of FDI & Foreign aid on economic growth a case study of pakistan | ||
| 260 |
_aIslamabad _c2017 |
||
| 300 | _a104p. | ||
| 942 |
_2ddc _cTH |
||